| 000 | 00909nam a2200193Ia 4500 | ||
|---|---|---|---|
| 999 |
_c36537 _d36537 |
||
| 001 | 2455 | ||
| 003 | GE_BSU | ||
| 005 | 20221229160409.0 | ||
| 008 | 181216s2007||||ge |||||||||||||| ||geo|| | ||
| 040 | _cGE_BSU | ||
| 041 | _ageo | ||
| 080 | _a342(479.22)(094.4) ს–32 | ||
| 245 |
_aსაქართველოს ადმინისტრაციულ სამართალდარღვევათა კოდექსი ცვლილებებითა დამატებებით 2007 წლის 10 აგვისტომდე / _bანბანურ–საგნობრივი საძიებლით. |
||
| 264 |
_aთბილისი : _bბონა–კაუზა, _c2007. |
||
| 300 | _a242 გვ. | ||
| 653 | _aსამართალდარღვევათა კოდექსი | ||
| 653 | _aსამართალი | ||
| 942 |
_cBK _2udc |
||